Normal view
MARC view
Entry Nombre personal
001 - NÚMERO DE CONTROL
- campo de control: 241807
003 - IDENTIFICADOR DE NÚMERO DE CONTROL
- campo de control: ES-MaACL
005 - FECHA Y HORA DE LA ÚLTIMA TRANSACCIÓN
- campo de control: 20250821050825.0
008 - ELEMENTOS DE DATO DE LONGITUD-FIJA
- campo de control de longitud fija: 250817|| aca||aabn | a|a d
040 ## - FUENTE DE CATALOGACIÓN
- Centro catalogador/agencia de origen: ES-MaACL
- Centro/agencia transcriptor: ES-MaACL
100 0# - ENCABEZAMIENTO-NOMBRE DE PERSONA
- Nombre de persona: Isabel,
- Títulos y otros términos asociados al nombre: Santa
400 0# - TRAZADO DE VÉASE--NOMBRE DE PERSONA
- Nombre de persona: Santa Isabel
670 ## - FUENTE DE DATOS ENCONTRADOS
- Cita de la fuente: Work cat.: (ES-MaACL)102916: Boix, Esteban, 1774-ca. 1828 drm egr 29889, Visita de Nuestra Señora a su prima Sta. Isabel , [ca. 1784-1800]
